Selected open problems in polynomial approximation and potential theory

Elmentve itt :
Bibliográfiai részletek
Szerzők: Baran Mirosław
Bialas-Ciez Leokadia
Eggink Raimondo
Kowalska Agnieszka
Nagy Béla
Pierzchała Rafał
Dokumentumtípus: Cikk
Megjelent: 2017
Sorozat:DOLOMITES RESEARCH NOTES ON APPROXIMATION 10
mtmt:3262612
Online Access:http://publicatio.bibl.u-szeged.hu/12798
LEADER 00859nab a2200241 i 4500
001 publ12798
005 20200127163938.0
008 180130s2017 hu o 0|| zxx d
022 |a 2035-6803 
024 7 |a 3262612  |2 mtmt 
040 |a SZTE Publicatio Repozitórium  |b hun 
041 |a zxx 
100 1 |a Baran Mirosław 
245 1 0 |a Selected open problems in polynomial approximation and potential theory  |h [elektronikus dokumentum] /  |c  Baran Mirosław 
260 |c 2017 
300 |a 161-168 
490 0 |a DOLOMITES RESEARCH NOTES ON APPROXIMATION  |v 10 
700 0 2 |a Bialas-Ciez Leokadia  |e aut 
700 0 2 |a Eggink Raimondo  |e aut 
700 0 2 |a Kowalska Agnieszka  |e aut 
700 0 2 |a Nagy Béla  |e aut 
700 0 2 |a Pierzchała Rafał  |e aut 
856 4 0 |u http://publicatio.bibl.u-szeged.hu/12798/1/BaranCiezEgginkKowalskaNagyPierzcha%C5%82a_DRNA2017.pdf  |z Dokumentum-elérés